000 00716nam a2200229 a 4500
001 13363
003 BD-JhCC
005 20230910080811.0
008 230909b2020 bg a|||| ||a| 000 0 ben d
020 _a9789848881151
035 _a(BD-JhCC)13363
040 _aBD-JhCC
_dBD-JhCC
041 _abengali
082 _a891.4435
_bHAB 2020
100 _a হাবীব,আহসান
245 _aগুরু পূর্ণিমার রাতে যত কান্ড /
_cআহসান হাবীব ।
260 _aঢাকা:
_bচিলড্রেন বুক কালেকশন;
_c2020.
300 _a64 p. :
_c22cm.
650 _aBengali Short story
942 _2ddc
_cBK
999 _c13363
_d13363